Políticas de salud sexual y reproductiva dirigida a adolescentes y jóvenes: un enfoque fundado en los derechos humanos /

Guardado en:
Bibliografiske detaljer
Hovedforfatter: Morlachetti, Alejandro
Format: Texto
Fag:
Tags: Tilføj Tag
Ingen Tags, Vær først til at tagge denne postø!

MARC

LEADER 00000 a a2200000 04500
001 10374
003
040
100 |a Morlachetti, Alejandro  
245 |a Políticas de salud sexual y reproductiva dirigida a adolescentes y jóvenes:   |b un enfoque fundado en los derechos humanos /  |c Alejandro Morlachetti 
650 |a SEXUALIDAD  
650 |a REPRODUCCION  
650 |a ADOLESCENTES  
650 |a DERECHOS HUMANOS  
773 |g volumen 34, número 85; páginas 63-95  
999 |c 40265  |d 40265